书目信息 |
| 题名: |
煤炭加工利用知识问答
|
|
| 作者: | 陈文敏 , 梁大明 主编 | |
| 分册: | ||
| 出版信息: | 北京 化学工业出版社 2006 |
|
| 页数: | ||
| 开本: | ||
| 丛书名: | ||
| 单 册: | ||
| 中图分类: | TQ536 | |
| 科图分类: | ||
| 主题词: | 煤--化学加工--应用 | |
| 电子资源: | ||
| ISBN: | 7-5025-8712-8 | |
| 000 | 00580nam0 2200181 450 | |
| 001 | 0754114953 | |
| 005 | 20070929150154.95 | |
| 010 | @a7-5025-8712-8 | |
| 100 | @a20070929d km y0chiy0120 ea | |
| 101 | 0 | @achi |
| 200 | 1 | @a煤炭加工利用知识问答@Amei tan jia gong li yong zhi shi wen da@f陈文敏,梁大明 主编@Fchen wen min,liang da ming zhu bian |
| 210 | @a北京@c化学工业出版社@d2006 | |
| 606 | 0 | @a煤@x化学加工@x应用 |
| 690 | @aTQ536@v3 | |
| 701 | 0 | @a陈文敏@Achen wen min@4主编 |
| 701 | 0 | @a梁大明@Aliang da ming@4主编 |
| 801 | 0 | @aCN@bPFT@c20070929 |
| 905 | @a213230@dTQ536@eh224@f1 | |
| 煤炭加工利用知识问答/陈文敏,梁大明 主编.-北京:化学工业出版社,2006 |
| ISBN 7-5025-8712-8: |
| ● |
| 相关链接 |
|
|
|
|
正题名:煤炭加工利用知识问答
索取号:TQ536/h224
 
预约/预借
| 序号 | 登录号 | 条形码 | 馆藏地/架位号 | 状态 | 备注 |
| 1 | 6002887 | 260028874 | 密集书库-化学系/ [索取号:TQ536/h224] | 在馆 |